La mujer en el derecho político / (Registro nro. 5209)
[ vista simple ]
| 000 -LEADER | |
|---|---|
| fixed length control field | 00890nam a2200217Ia 4500 |
| 003 - CONTROL NUMBER IDENTIFIER | |
| control field | OSt |
| 005 - DATE AND TIME OF LATEST TRANSACTION | |
| control field | 20200415163859.0 |
| 008 - FIXED-LENGTH DATA ELEMENTS--GENERAL INFORMATION | |
| fixed length control field | 191128s1970 sp gr 000 0 spa d |
| 040 ## - CATALOGING SOURCE | |
| Original cataloging agency | CO-JMCR |
| Transcribing agency | CO-JMCR |
| 041 0# - LANGUAGE CODE | |
| Language code of text/sound track or separate title | spa |
| 082 04 - DEWEY DECIMAL CLASSIFICATION NUMBER | |
| Classification number | 323.34 / |
| Item number | M177m |
| Edition number | 23 |
| 100 1# - MAIN ENTRY--PERSONAL NAME | |
| Personal name | Marsá Vancells, Plutarco, |
| Relator term | autor |
| 9 (RLIN) | 2986 |
| 245 13 - TITLE STATEMENT | |
| Title | La mujer en el derecho político / |
| Statement of responsibility, etc. | Plutarco Marsá Vancells |
| 260 ## - PUBLICATION, DISTRIBUTION, ETC. | |
| Place of publication, distribution, etc. | Pamplona : |
| Name of publisher, distributor, etc. | Universidad de Navarra, |
| Date of publication, distribution, etc. | 1970 |
| 300 ## - PHYSICAL DESCRIPTION | |
| Extent | 494 páginas ; |
| Dimensions | 21 cm. |
| 490 0# - SERIES STATEMENT | |
| Series statement | Jurídica ; |
| Volume/sequential designation | 43 |
| 505 0# - FORMATTED CONTENTS NOTE | |
| Formatted contents note | Finalidad de este trabajo -- La mujer en la doctrina -- Evolución legislativa de los derechos de la mujer -- Los derechos de la mujer en los organismos internacionales -- Los derechos de la mujer en los Estados nacionales -- Libros -- Revistas |
| 650 14 - SUBJECT ADDED ENTRY--TOPICAL TERM | |
| Topical term or geographic name entry element | Derechos de las mujeres |
| 9 (RLIN) | 2987 |
| 650 14 - SUBJECT ADDED ENTRY--TOPICAL TERM | |
| Topical term or geographic name entry element | Mujeres |
| General subdivision | derechos civiles |
| 9 (RLIN) | 2988 |
| 942 ## - ADDED ENTRY ELEMENTS (KOHA) | |
| Source of classification or shelving scheme | Dewey Decimal Classification |
| Koha item type | Books |
| Withdrawn status | Lost status | Source of classification or shelving scheme | Damaged status | Not for loan | Collection code | Home library | Current library | Date acquired | Source of acquisition | Cost, normal purchase price | Total Checkouts | Full call number | Barcode | Date last seen | Date last checked out | Copy number | Koha item type |
|---|---|---|---|---|---|---|---|---|---|---|---|---|---|---|---|---|---|
| Dewey Decimal Classification | Non-fiction | Biblioteca Pública José María del Castillo y Rada | Biblioteca Pública José María del Castillo y Rada | 04/15/2018 | Donación | 0.00 | 3 | 323.34 / M177m | 430001532 | 07/16/2024 | 07/16/2024 | Ej.1 | Books |